Livre des morts des anciens Égyptiens : le livre de la vie dans l'au-delà. Nouv. version française avec 64 pages d'introd. et des notes explicatives /

محفوظ في:

مؤلفون آخرون: Kolpaktchy, Grégoire. 1886-

التنسيق: كتاب

اللغة: French

منشور في: Paris : Éditions de l'Omnium littéraire, 1973.

الطبعة: 3. éd. revue, corrigée et augm.

الموضوعات:

الوسوم: إضافة وسم

لا توجد وسوم, كن أول من يضع وسما على هذه التسجيلة!

رقم الطلب: PJ1555 .F7 K6

LEADER 00787nam a22002177a 4500
003 OSt
005 20251020121338.0
008 251020t1973 fr a 000 0 fre d
040 |c ARCE Library 
050 1 4 |a PJ1555 .F7  |b K6 
130 0 |a Book of the dead. 
245 1 0 |a Livre des morts des anciens Égyptiens :   |b le livre de la vie dans l'au-delà. Nouv. version française avec 64 pages d'introd. et des notes explicatives /   |c par Grégoire Kolpaktchy. 
250 |a 3. éd. revue, corrigée et augm. 
264 1 |a Paris :   |b Éditions de l'Omnium littéraire,   |c 1973. 
300 |a 327 pages :   |b illustrations ;   |c 24 cm. 
650 0 |a Future life. 
650 0 |a Incantations, Egyptian. 
700 1 |a Kolpaktchy, Grégoire.  |d 1886-  
901 |a reviewed 
942 |2 lcc  |c BK 
999 |c 50144  |d 50144